| 000 | 00565nam a2200181Ia 4500 | ||
|---|---|---|---|
| 008 | 151018s9999 xx 000 0 und d | ||
| 082 |
_bRBASDV22900 _a891.461 |
||
| 100 | _aगो द कुलकर्णी | ||
| 245 | _aइर्ष स्तुती | ||
| 250 | _b1 | ||
| 260 |
_bकुलकर्णी गो द _c1988 |
||
| 300 | _a73 | ||
| 600 | _aगो द कुलकर्णी | ||
| 630 | _aइर्ष स्तुती | ||
| 700 | _aगो द कुलकर्णी | ||
| 730 | _aइर्ष स्तुती | ||
| 942 | _cBOOK | ||
| 999 |
_c1022565 _d1022562 |
||